[Event "Dutch Open-ch 2019"]
[Site "Dieren"]
[Date "2019.07.31"]
[Round "8.4"]
[White "Buckels, Valentin"]
[Black "Zwirs, Nico"]
[Result "1-0"]
[WhiteElo "2451"]
[BlackElo "2380"]
[Annotator "TA"]
[PlyCount "111"]
[EventDate "2019.07.23"]
[EventType "swiss"]
[EventCountry "NED"]
[SourceTitle "playchess.com"]
[Source "ChessBase"]
[SourceQuality "1"]

{[%evp 13,110,-14,25,11,14,19,31,41,35,50,64,45,30,31,29,22,40,49,53,28,45,37,49,48,56,37,45,33,36,43,36,44,33,35,34,41,35,22,44,0,0,-25,-13,-13,0,0,0,0,0,0,81,81,81,-24,0,0,0,0,0,0,0,0,0,6,6,0,1035,181,1651,67,94,0,29974,29975,29975,29976,29976,29977,29977,29978,29955,6448,29984,29985,29985,29986,29986,29987,29987,29988,29996,29985,29989,29990,29990,29991,29991,29992,29999]} 1. Nf3 Nf6 2. g3 d5 3. Bg2 c6 4. O-O Bf5 5. c4 e6 6. cxd5 exd5 7. d3 Be7 8. Qb3 {A11: English Opening: 1...c6} (8. Qc2 O-O 9. Nc3 Na6 10. a3 d4 11. Nb1 c5 12. Bg5 h6 13. Bxf6 Bxf6 14. Nbd2 Rc8 15. Rfe1 Qd7 {½-½ (68) Duda,J (2717)-Naiditsch,A (2705) Riadh 2017}) 8... Qb6 9. Qc2 Nbd7 10. Nc3 {White is slightly better.} O-O 11. e4 dxe4 12. dxe4 Bg6 13. Be3 $146 ({Predecessor:} 13. Nh4 Rfe8 14. h3 Bb4 15. Be3 {1-0 (52) Smith,B (2453)-Kathmale,S (2298) Pardubice 2016}) 13... Qa5 14. Nh4 Rfe8 15. h3 Bb4 16. Bd2 Qa6 17. Rfe1 Nc5 18. Nxg6 hxg6 19. a3 Bxc3 $1 20. Bxc3 Qa4 21. Qxa4 Nxa4 22. Bd4 c5 23. Bxf6 gxf6 24. b3 Nb6 25. Rac1 Rac8 26. a4 c4 27. a5 cxb3 28. axb6 Rxc1 29. Rxc1 $11 {[%mdl 4096] Endgame KRB-KR} a5 30. Ra1 Ra8 31. e5 {And now Bd5 would win.} a4 (31... Ra6 $1 $11) 32. Bxb7 $16 b2 33. Rd1 (33. Rb1 $16 Rb8 34. Rxb2 (34. exf6 a3 $11)) 33... a3 34. Bxa8 {Threatening mate with b7.} a2 35. Be4 ({Not} 35. Rd8+ $2 Kh7 $19) 35... a1=Q $11 {KQ-KRB} 36. Rb1 Qa2 ({Avoid the trap} 36... Qa5 $2 37. Rxb2 Qxe5 38. Re2 $18) 37. b7 Qb3 38. exf6 Kh7 $1 39. h4 {h5 is the strong threat.} Qb4 $2 {[%mdl 8192]} (39... Kh6 $11) 40. Kh2 $2 (40. h5 Kh6 41. hxg6 fxg6 42. f3) 40... Qb6 $2 (40... Kh6 41. g4 g5) 41. Kg2 $2 (41. h5 $1 $18 Kg8 42. hxg6 fxg6 43. Bd5+ Kh7 44. Kg2) 41... Qb4 $1 $14 {[%cal Rb4e4]} 42. Kg1 (42. f3 $1 $16 {Threatens to win with h5.} Kh6 43. Rd1) 42... Qb3 $2 {[%mdl 8192] [#]} (42... Kh6 $11) 43. h5 $1 Qb4 44. Rd1 Kh6 45. hxg6 fxg6 46. Kh2 Qb6 47. f4 {Intending Kg2 and mate.} Qf2+ 48. Kh3 {White mates.} Qe2 49. Rh1 Qxe4 {KQ-KR} 50. Rh2 {[%cal Rh3g4]} g5 {[#]} 51. b8=Q $1 b1=Q 52. Kg4+ Kg6 {[#]} 53. Rh6+ $1 {[%mdl 512]} Kf7 (53... Kxh6 54. Qf8+) 54. Qc7+ Ke6 55. f7+ Kd5 56. Rd6# {Accuracy: White = 57%, Black = 53%.} 1-0

[Event "Dutch Open-ch 2019"]
[Site "Dieren"]
[Date "2019.07.31"]
[Round "8.5"]
[White "Ikonnikov, Vyacheslav"]
[Black "David, Alberto"]
[Result "0-1"]
[WhiteElo "2499"]
[BlackElo "2553"]
[Annotator "ChessBase"]
[PlyCount "92"]
[EventDate "2019.07.23"]
[EventType "swiss"]
[EventCountry "NED"]
[SourceTitle "playchess.com"]
[Source "ChessBase"]
[SourceQuality "1"]
[TimeControl "40/5400+30:1800+30"]

1. d4 {[%emt 0:00:00]} Nf6 {[%emt 0:00:00]} 2. Nf3 {[%emt 0:00:00]} c5 {[%emt 0:00:00]} 3. d5 {[%emt 0:02:03]} b5 {[%emt 0:00:10]} 4. c4 {[%emt 0:01:09]} e6 {[%emt 0:03:45]} 5. Bg5 {[%emt 0:00:30]} b4 {[%emt 0:00:59]} 6. e4 {[%emt 0:02:39]} d6 {[%emt 0:01:17]} 7. Bd3 {[%emt 0:04:11]} Be7 {[%emt 0:00:25]} 8. Be3 {[%emt 0:16:14]} O-O {[%emt 0:03:00]} 9. h3 {[%emt 0:00:47]} a5 {[%emt 0:30:05]} 10. a4 {[%emt 0:04:07]} Na6 {[%emt 0:07:46]} 11. b3 {[%emt 0:02:56]} Nc7 {[%emt 0:00:45]} 12. O-O {[%emt 0:00:58]} Nd7 {[%emt 0:01:40]} 13. Ra2 {[%emt 0:02:22]} Bf6 {[%emt 0:00:54]} 14. Re2 {[%emt 0:00:34]} Bb7 {[%emt 0:06:59]} 15. Bc2 {[%emt 0:10:56]} Re8 {[%emt 0:04:41]} 16. Bf4 {[%emt 0:01:12]} Ra6 {[%emt 0:03:49]} 17. Rd2 {[%emt 0:05:09]} e5 {[%emt 0:05:46]} 18. Be3 {[%emt 0:00:35]} Nf8 {[%emt 0:02:21]} 19. g3 {[%emt 0:01:08]} Bc8 {[%emt 0:01:49]} 20. Kg2 {[%emt 0:00:06]} g6 {[%emt 0:00:49]} 21. Bh6 {[%emt 0:09:34]} Bh8 {[%emt 0:10:58]} 22. Re2 {[%emt 0:03:30]} Ra7 {[%emt 0:01:59]} 23. Nbd2 {[%emt 0:01:37]} Na8 {[%emt 0:01:37]} 24. Qb1 {[%emt 0:01:18]} Nb6 {[%emt 0:00:53]} 25. Rh1 {[%emt 0:01:31]} Bg7 {[%emt 0:03:31]} 26. Be3 {[%emt 0:03:41]} h5 {[%emt 0:04:36]} 27. h4 {[%emt 0:02:43]} Nh7 {[%emt 0:00:53]} 28. Ng5 {[%emt 0:00:11]} Rf8 {[%emt 0:00:32]} 29. Nxh7 {[%emt 0:01:17]} Kxh7 {[%emt 0:00:03]} 30. Nf3 {[%emt 0:01:31]} f6 {[%emt 0:01:44]} 31. Ree1 {[%emt 0:01:56]} Re7 {[%emt 0:00:25]} 32. Nd2 {[%emt 0:00:38]} Kg8 {[%emt 0:00:50]} 33. Qd1 {[%emt 0:01:09]} Kf7 {[%emt 0:00:48]} 34. f4 {[%emt 0:00:53]} exf4 {[%emt 0:00:28]} 35. gxf4 {[%emt 0:01:41]} Bg4 {[%emt 0:00:06]} 36. Nf3 {[%emt 0:00:29]} Rfe8 {[%emt 0:00:25]} 37. Bf2 {[%emt 0:01:08]} Kg8 {[%emt 0:01:00]} 38. Qd3 {[%emt 0:02:23]} Rf8 {[%emt 0:00:39]} 39. Nh2 {[%emt 0:00:32]} Qd7 {[%emt 0:00:31]} 40. Qg3 {[%emt 0:00:56]} f5 {[%emt 0:00:19]} 41. exf5 {[%emt 0:40:54]} Rxe1 {[%emt 0:01:15]} 42. Rxe1 {[%emt 0:00:00]} Bxf5 {[%emt 0:00:53]} 43. Bxf5 {[%emt 0:00:00]} Qxf5 {[%emt 0:00:12]} 44. Re6 {[%emt 0:00:00]} Nxd5 {[%emt 0:00:29]} 45. Rxd6 {[%emt 0:00:00]} Nxf4+ {[%emt 0:00:42]} 46. Kf1 {[%emt 0:00:00]} Qb1+ {[%emt 0:00:52]} 0-1

[Event "Dutch Open-ch 2019"]
[Site "Dieren"]
[Date "2019.07.31"]
[Round "8.6"]
[White "Sharma, Dinesh K."]
[Black "Beerdsen, Thomas"]
[Result "1/2-1/2"]
[WhiteElo "2299"]
[BlackElo "2497"]
[Annotator "ChessBase"]
[PlyCount "61"]
[EventDate "2019.07.23"]
[EventType "swiss"]
[EventCountry "NED"]
[SourceTitle "playchess.com"]
[Source "ChessBase"]
[SourceQuality "1"]
[TimeControl "40/5400+30:1800+30"]

1. e4 {[%emt 0:00:00]} c5 {[%emt 0:00:00]} 2. Nf3 {[%emt 0:00:00]} e6 {[%emt 0:00:00]} 3. d4 {[%emt 0:00:30]} cxd4 {[%emt 0:00:00]} 4. Nxd4 {[%emt 0:00:05]} Nc6 {[%emt 0:00:00]} 5. Nc3 {[%emt 0:00:42]} Qc7 {[%emt 0:00:00]} 6. Be2 {[%emt 0:00:50]} Nf6 {[%emt 0:02:02]} 7. O-O {[%emt 0:03:01]} h5 {[%emt 0:08:08]} 8. Ndb5 {[%emt 0:10:09]} Qb8 {[%emt 0:01:21]} 9. g3 {[%emt 0:07:48]} a6 {[%emt 0:01:28]} 10. Nd4 {[%emt 0:00:02]} h4 {[%emt 0:12:46]} 11. Be3 {[%emt 0:03:50]} hxg3 {[%emt 0:01:27]} 12. hxg3 {[%emt 0:00:04]} b5 {[%emt 0:20:05]} 13. Nxc6 {[%emt 0:08:45]} dxc6 {[%emt 0:00:40]} 14. Bf3 {[%emt 0:00:06]} e5 {[%emt 0:02:31]} 15. a4 {[%emt 0:00:10]} b4 {[%emt 0:01:03]} 16. Nb1 {[%emt 0:00:06]} Bh3 {[%emt 0:05:55]} 17. Re1 {[%emt 0:01:32]} Qc8 {[%emt 0:00:35]} 18. Nd2 {[%emt 0:01:34]} Ng4 {[%emt 0:01:37]} 19. Bxg4 {[%emt 0:03:11]} Bxg4 {[%emt 0:00:33]} 20. f3 {[%emt 0:00:02]} Be6 {[%emt 0:01:40]} 21. Qe2 {[%emt 0:02:02]} c5 {[%emt 0:02:55]} 22. b3 {[%emt 0:10:19]} f6 {[%emt 0:05:19]} 23. Nc4 {[%emt 0:03:23]} Bxc4 {[%emt 0:03:57]} 24. bxc4 {[%emt 0:02:25]} Qh3 {[%emt 0:00:27]} 25. Qg2 {[%emt 0:00:13]} Qe6 {[%emt 0:00:05]} 26. Qe2 {[%emt 0:00:10]} g5 {[%emt 0:02:02]} 27. g4 {[%emt 0:03:02]} Ra7 {[%emt 0:00:25]} 28. Kg2 {[%emt 0:00:41]} Rah7 {[%emt 0:00:10]} 29. Bg1 {[%emt 0:01:11]} Kf7 {[%emt 0:14:41]} 30. Qd3 {[%emt 0:10:51]} Be7 {[%emt 0:04:16]} 31. Rad1 {[%emt 0:03:02]} 1/2-1/2

[Event "Dutch Open-ch 2019"]
[Site "Dieren"]
[Date "2019.07.31"]
[Round "8.7"]
[White "Das, Arghyadip"]
[Black "Vrolijk, Liam"]
[Result "1/2-1/2"]
[WhiteElo "2439"]
[BlackElo "2478"]
[Annotator "ChessBase"]
[PlyCount "53"]
[EventDate "2019.07.23"]
[EventType "swiss"]
[EventCountry "NED"]
[SourceTitle "playchess.com"]
[Source "ChessBase"]
[SourceQuality "1"]
[TimeControl "40/5400+30:1800+30"]

1. e4 {[%emt 0:00:00]} e5 {[%emt 0:02:08]} 2. Nf3 {[%emt 0:00:00]} Nc6 {[%emt 0:00:15]} 3. Bb5 {[%emt 0:00:38]} Nf6 {[%emt 0:00:41]} 4. d3 {[%emt 0:00:12]} Bc5 {[%emt 0:02:24]} 5. c3 {[%emt 0:00:17]} O-O {[%emt 0:01:03]} 6. O-O {[%emt 0:00:15]} d6 {[%emt 0:00:06]} 7. Nbd2 {[%emt 0:01:16]} Ne7 {[%emt 0:01:32]} 8. d4 {[%emt 0:00:40]} exd4 {[%emt 0:00:14]} 9. cxd4 {[%emt 0:01:23]} Bb6 {[%emt 0:00:08]} 10. Bd3 {[%emt 0:00:36]} Nc6 {[%emt 0:07:51]} 11. d5 {[%emt 0:12:45]} Nd4 {[%emt 0:05:44]} 12. Nxd4 {[%emt 0:18:06]} Bxd4 {[%emt 0:00:08]} 13. Nc4 {[%emt 0:01:32]} Re8 {[%emt 0:08:00]} 14. Qc2 {[%emt 0:04:03]} Ng4 {[%emt 0:05:30]} 15. h3 {[%emt 0:04:11]} Ne5 {[%emt 0:00:13]} 16. Nxe5 {[%emt 0:01:22]} dxe5 {[%emt 0:01:29]} 17. Re1 {[%emt 0:00:43]} Bd7 {[%emt 0:05:55]} 18. Be3 {[%emt 0:01:04]} Bxe3 {[%emt 0:05:42]} 19. Rxe3 {[%emt 0:04:32]} c6 {[%emt 0:00:23]} 20. Bc4 {[%emt 0:07:02]} Rc8 {[%emt 0:03:25]} 21. dxc6 {[%emt 0:10:16]} Rxc6 {[%emt 0:02:12]} 22. Qb3 {[%emt 0:01:56]} Qe7 {[%emt 0:01:20]} 23. Rd1 {[%emt 0:01:30]} Be6 {[%emt 0:02:16]} 24. Bxe6 {[%emt 0:01:08]} Rxe6 {[%emt 0:00:11]} 25. Red3 {[%emt 0:03:23]} Rb6 {[%emt 0:01:37]} 26. Qc3 {[%emt 0:02:16]} h6 {[%emt 0:03:21]} 27. a3 {[%emt 0:06:35]} 1/2-1/2

[Event "Dutch Open-ch 2019"]
[Site "Dieren"]
[Date "2019.07.31"]
[Round "8.8"]
[White "Hausrath, Daniel"]
[Black "Ashwath, R.."]
[Result "1/2-1/2"]
[WhiteElo "2468"]
[BlackElo "2365"]
[Annotator "ChessBase"]
[PlyCount "77"]
[EventDate "2019.07.23"]
[EventType "swiss"]
[EventCountry "NED"]
[SourceTitle "playchess.com"]
[Source "ChessBase"]
[SourceQuality "1"]
[TimeControl "40/5400+30:1800+30"]

1. Nf3 {[%emt 0:00:00]} d5 {[%emt 0:03:27]} 2. g3 {[%emt 0:00:00]} Nf6 {[%emt 0:00:45]} 3. Bg2 {[%emt 0:00:00]} c6 {[%emt 0:00:30]} 4. O-O {[%emt 0:00:00]} Bg4 {[%emt 0:00:09]} 5. c4 {[%emt 0:00:05]} e6 {[%emt 0:01:37]} 6. d3 {[%emt 0:00:23]} Nbd7 {[%emt 0:00:47]} 7. cxd5 {[%emt 0:00:53]} cxd5 {[%emt 0:02:39]} 8. Qb3 {[%emt 0:08:46]} Nc5 {[%emt 0:10:33]} 9. Qb5+ {[%emt 0:04:29]} Qd7 {[%emt 0:01:16]} 10. Nc3 {[%emt 0:01:15]} a6 {[%emt 0:07:27]} 11. Qxd7+ {[%emt 0:00:12]} Ncxd7 {[%emt 0:00:04]} 12. Bf4 {[%emt 0:01:14]} h6 {[%emt 0:09:24]} 13. Rac1 {[%emt 0:03:23]} g5 {[%emt 0:01:41]} 14. Bd2 {[%emt 0:15:14]} Bd6 {[%emt 0:06:09]} 15. Rc2 {[%emt 0:02:41]} O-O {[%emt 0:07:18]} 16. Rfc1 {[%emt 0:21:35]} Bxf3 {[%emt 0:08:25]} 17. Bxf3 {[%emt 0:01:09]} Ne5 {[%emt 0:00:04]} 18. Na4 {[%emt 0:06:18]} Nxf3+ {[%emt 0:02:47]} 19. exf3 {[%emt 0:00:02]} Nd7 {[%emt 0:00:27]} 20. f4 {[%emt 0:02:46]} gxf4 {[%emt 0:10:32]} 21. Bxf4 {[%emt 0:01:01]} Bxf4 {[%emt 0:00:08]} 22. gxf4 {[%emt 0:00:04]} b5 {[%emt 0:00:18]} 23. Nc5 {[%emt 0:01:00]} Nxc5 {[%emt 0:03:19]} 24. Rxc5 {[%emt 0:00:27]} Kg7 {[%emt 0:00:56]} 25. Kg2 {[%emt 0:02:41]} Kf6 {[%emt 0:01:36]} 26. Kf3 {[%emt 0:00:08]} Rg8 {[%emt 0:03:52]} 27. Rc6 {[%emt 0:03:19]} Kf5 {[%emt 0:06:01]} 28. h3 {[%emt 0:01:46]} h5 {[%emt 0:00:11]} 29. Rc7 {[%emt 0:02:14]} Kf6 {[%emt 0:01:15]} 30. a3 {[%emt 0:03:20]} h4 {[%emt 0:04:52]} 31. R7c6 {[%emt 0:06:00]} Rgb8 {[%emt 0:01:23]} 32. R1c5 {[%emt 0:01:02]} Kf5 {[%emt 0:01:38]} 33. Rc7 {[%emt 0:00:42]} Kf6 {[%emt 0:00:07]} 34. R5c6 {[%emt 0:00:10]} b4 {[%emt 0:00:55]} 35. a4 {[%emt 0:01:23]} b3 {[%emt 0:00:03]} 36. Ke3 {[%emt 0:06:49]} Rb4 {[%emt 0:00:39]} 37. a5 {[%emt 0:00:10]} Ra4 {[%emt 0:01:04]} 38. Rb6 {[%emt 0:01:03]} Rxa5 {[%emt 0:00:49]} 39. Rxb3 {[%emt 0:01:23]} 1/2-1/2

[Event "Dutch Open-ch 2019"]
[Site "Dieren"]
[Date "2019.07.31"]
[Round "8.9"]
[White "Odendahl, Reiner"]
[Black "Lai, Hing Ting"]
[Result "1-0"]
[WhiteElo "2352"]
[BlackElo "2460"]
[Annotator "ChessBase"]
[PlyCount "45"]
[EventDate "2019.07.23"]
[EventType "swiss"]
[EventCountry "NED"]
[SourceTitle "playchess.com"]
[Source "ChessBase"]
[SourceQuality "1"]
[TimeControl "40/5400+30:1800+30"]

1. Nf3 {[%emt 0:00:00]} Nf6 {[%emt 0:00:06]} 2. c4 {[%emt 0:00:00]} e6 {[%emt 0:00:12]} 3. g3 {[%emt 0:00:05]} d5 {[%emt 0:00:08]} 4. Bg2 {[%emt 0:00:14]} d4 {[%emt 0:00:27]} 5. e3 {[%emt 0:03:29]} c5 {[%emt 0:02:42]} 6. exd4 {[%emt 0:00:20]} cxd4 {[%emt 0:00:06]} 7. O-O {[%emt 0:00:31]} Nc6 {[%emt 0:00:05]} 8. d3 {[%emt 0:00:37]} Be7 {[%emt 0:00:34]} 9. Na3 {[%emt 0:04:54]} O-O {[%emt 0:00:37]} 10. Nc2 {[%emt 0:03:36]} a5 {[%emt 0:03:35]} 11. Re1 {[%emt 0:02:38]} Ne8 {[%emt 0:01:58]} 12. Bd2 {[%emt 0:05:04]} f6 {[%emt 0:03:34]} 13. a3 {[%emt 0:04:11]} a4 {[%emt 0:01:49]} 14. Nb4 {[%emt 0:10:19]} Nc7 {[%emt 0:02:07]} 15. b3 {[%emt 0:16:04]} axb3 {[%emt 0:03:28]} 16. Qxb3 {[%emt 0:00:06]} Kh8 {[%emt 0:04:14]} 17. Nxc6 {[%emt 0:04:20]} bxc6 {[%emt 0:01:18]} 18. Qb6 {[%emt 0:03:14]} c5 {[%emt 0:11:14]} 19. Bf4 {[%emt 0:01:58]} Na6 {[%emt 0:16:08]} 20. Qxd8 {[%emt 0:00:54]} Rxd8 {[%emt 0:00:23]} 21. Nxd4 {[%emt 0:00:30]} cxd4 {[%emt 0:01:03]} 22. Bxa8 {[%emt 0:00:18]} Nc5 {[%emt 0:00:05]} 23. Bc7 {[%emt 0:02:48]} 1-0

[Event "Dutch Open-ch 2019"]
[Site "Dieren"]
[Date "2019.07.31"]
[Round "8.10"]
[White "Reinderman, Dimitri"]
[Black "Kolbus, Dietmar"]
[Result "1-0"]
[WhiteElo "2583"]
[BlackElo "2281"]
[Annotator "ChessBase"]
[PlyCount "67"]
[EventDate "2019.07.23"]
[EventType "swiss"]
[EventCountry "NED"]
[SourceTitle "playchess.com"]
[Source "ChessBase"]
[SourceQuality "1"]
[TimeControl "40/5400+30:1800+30"]

1. e4 {[%emt 0:00:00]} c5 {[%emt 0:00:07]} 2. Nf3 {[%emt 0:00:00]} Nc6 {[%emt 0:00:27]} 3. Bb5 {[%emt 0:00:00]} g6 {[%emt 0:00:27]} 4. Bxc6 {[%emt 0:00:13]} dxc6 {[%emt 0:00:27]} 5. d3 {[%emt 0:00:25]} Bg7 {[%emt 0:00:54]} 6. h3 {[%emt 0:00:11]} Nf6 {[%emt 0:01:03]} 7. Nc3 {[%emt 0:00:29]} Nd7 {[%emt 0:00:21]} 8. Be3 {[%emt 0:00:48]} e5 {[%emt 0:00:25]} 9. Qd2 {[%emt 0:02:44]} h6 {[%emt 0:00:10]} 10. O-O {[%emt 0:03:32]} b6 {[%emt 0:01:49]} 11. a3 {[%emt 0:04:29]} a5 {[%emt 0:00:30]} 12. Nh2 {[%emt 0:00:56]} Nf8 {[%emt 0:01:15]} 13. f4 {[%emt 0:01:07]} exf4 {[%emt 0:00:23]} 14. Bxf4 {[%emt 0:00:06]} Ne6 {[%emt 0:00:32]} 15. Be3 {[%emt 0:00:11]} Nd4 {[%emt 0:00:18]} 16. Rf2 {[%emt 0:02:24]} Ra7 {[%emt 0:01:42]} 17. Raf1 {[%emt 0:00:49]} Be6 {[%emt 0:01:34]} 18. Ne2 {[%emt 0:19:36]} Nxe2+ {[%emt 0:10:52]} 19. Rxe2 {[%emt 0:00:16]} a4 {[%emt 0:01:00]} 20. Nf3 {[%emt 0:06:43]} Rd7 {[%emt 0:00:35]} 21. Bf4 {[%emt 0:12:10]} g5 {[%emt 0:10:53]} 22. Be5 {[%emt 0:01:22]} f6 {[%emt 0:01:03]} 23. Bc3 {[%emt 0:00:13]} O-O {[%emt 0:00:13]} 24. Qe3 {[%emt 0:03:47]} Qc7 {[%emt 0:10:09]} 25. Nd2 {[%emt 0:03:58]} f5 {[%emt 0:21:10]} 26. exf5 {[%emt 0:00:54]} Bxf5 {[%emt 0:00:21]} 27. Bxg7 {[%emt 0:00:42]} Kxg7 {[%emt 0:00:32]} 28. Nc4 {[%emt 0:01:31]} Rf6 {[%emt 0:08:49]} 29. Qe5 {[%emt 0:05:25]} Qxe5 {[%emt 0:02:36]} 30. Rxe5 {[%emt 0:00:11]} Rd5 {[%emt 0:00:08]} 31. Re7+ {[%emt 0:01:39]} Kf8 {[%emt 0:00:21]} 32. Rc7 {[%emt 0:01:10]} b5 {[%emt 0:01:10]} 33. Ne3 {[%emt 0:00:26]} Re5 {[%emt 0:04:31]} 34. Ng4 {[%emt 0:01:16]} 1-0

[Event "Dutch Open-ch 2019"]
[Site "Dieren"]
[Date "2019.07.31"]
[Round "8.11"]
[White "Lahaye, Rick"]
[Black "Van Baar, Esper"]
[Result "1-0"]
[WhiteElo "2421"]
[BlackElo "2108"]
[Annotator "NA"]
[PlyCount "49"]
[EventDate "2019.07.23"]
[EventType "swiss"]
[EventCountry "NED"]
[SourceTitle "playchess.com"]
[Source "ChessBase"]
[SourceQuality "1"]
[TimeControl "40/5400+30:1800+30"]

1. d4 {[%emt 0:00:00]} Nf6 {[%emt 0:14:41]} 2. e3 {[%emt 0:01:09]} g6 {[%emt 0:00:49]} 3. Nd2 {[%emt 0:02:32]} Bg7 {[%emt 0:01:28]} 4. g4 {[%emt 0:01:19]} h6 {[%emt 0:01:29]} 5. h3 {[%emt 0:01:28]} d5 {[%emt 0:01:23]} 6. Bg2 {[%emt 0:00:20]} c5 {[%emt 0:02:46]} 7. c3 {[%emt 0:00:10]} Nc6 {[%emt 0:07:11]} 8. Ne2 {[%emt 0:02:07]} O-O {[%emt 0:00:20]} 9. O-O {[%emt 0:04:04]} e5 {[%emt 0:05:24]} 10. dxc5 {[%emt 0:03:40]} h5 {[%emt 0:02:21]} 11. g5 {[%emt 0:03:22]} Nd7 {[%emt 0:04:56]} 12. e4 {[%emt 0:01:14]} d4 {[%emt 0:10:59]} 13. Nb3 {[%emt 0:03:20]} Qe7 {[%emt 0:02:18]} 14. f4 {[%emt 0:10:58]} d3 {[%emt 0:17:59]} 15. Qxd3 {[%emt 0:07:53]} exf4 {[%emt 0:00:03]} 16. Nxf4 {[%emt 0:00:45]} Nxc5 {[%emt 0:01:05]} 17. Nxc5 {[%emt 0:00:40]} Qxc5+ {[%emt 0:00:03]} 18. Be3 {[%emt 0:00:06]} Qa5 {[%emt 0:06:12]} 19. Nd5 {[%emt 0:01:55]} Ne5 {[%emt 0:01:02]} 20. Qe2 {[%emt 0:01:01]} Be6 {[%emt 0:01:19]} 21. Bd4 {[%emt 0:01:16]} Nd7 {[%emt 0:03:58]} 22. b4 {[%emt 0:10:40]} Bxd4+ {[%emt 0:01:58]} 23. cxd4 {[%emt 0:01:13]} Qd8 {[%emt 0:00:02]} 24. Nf4 {[%emt 0:01:09]} Qxg5 {[%emt 0:00:45]} 25. d5 {[%emt 0:00:17]} 1-0

[Event "Dutch Open-ch 2019"]
[Site "Dieren"]
[Date "2019.07.31"]
[Round "8.12"]
[White "Maatman, Nick"]
[Black "Grutter, Tim"]
[Result "1-0"]
[WhiteElo "2407"]
[BlackElo "2091"]
[Annotator "NA"]
[PlyCount "87"]
[EventDate "2019.07.23"]
[EventType "swiss"]
[EventCountry "NED"]
[SourceTitle "playchess.com"]
[Source "ChessBase"]
[SourceQuality "1"]
[TimeControl "40/5400+30:1800+30"]

1. d4 {[%emt 0:02:18]} Nf6 {[%emt 0:00:00]} 2. c4 {[%emt 0:00:07]} g6 {[%emt 0:00:00]} 3. Nc3 {[%emt 0:00:04]} Bg7 {[%emt 0:00:00]} 4. e4 {[%emt 0:00:03]} d6 {[%emt 0:00:00]} 5. Be2 {[%emt 0:00:06]} O-O {[%emt 0:00:00]} 6. Nf3 {[%emt 0:00:03]} e5 {[%emt 0:00:01]} 7. O-O {[%emt 0:00:05]} Nc6 {[%emt 0:00:02]} 8. d5 {[%emt 0:00:05]} Ne7 {[%emt 0:00:02]} 9. Nd2 {[%emt 0:00:05]} Nd7 {[%emt 0:01:02]} 10. b4 {[%emt 0:01:11]} f5 {[%emt 0:01:15]} 11. a4 {[%emt 0:04:11]} a5 {[%emt 0:10:19]} 12. bxa5 {[%emt 0:04:32]} f4 {[%emt 0:06:52]} 13. Bg4 {[%emt 0:05:49]} Nc5 {[%emt 0:01:11]} 14. Bxc8 {[%emt 0:01:31]} Qxc8 {[%emt 0:00:18]} 15. f3 {[%emt 0:01:54]} Rxa5 {[%emt 0:10:35]} 16. Ba3 {[%emt 0:05:30]} b6 {[%emt 0:04:48]} 17. Bxc5 {[%emt 0:05:02]} bxc5 {[%emt 0:02:42]} 18. Qb3 {[%emt 0:02:45]} g5 {[%emt 0:10:27]} 19. Rfb1 {[%emt 0:02:31]} h5 {[%emt 0:01:40]} 20. Qb7 {[%emt 0:01:29]} Qd7 {[%emt 0:00:54]} 21. Rb5 {[%emt 0:03:45]} Raa8 {[%emt 0:02:30]} 22. a5 {[%emt 0:01:33]} g4 {[%emt 0:02:00]} 23. a6 {[%emt 0:00:51]} h4 {[%emt 0:17:13]} 24. fxg4 {[%emt 0:04:47]} f3 {[%emt 0:08:46]} 25. h3 {[%emt 0:13:34]} fxg2 {[%emt 0:01:18]} 26. a7 {[%emt 0:26:29]} Qe8 {[%emt 0:02:25]} 27. Kxg2 {[%emt 0:01:22]} Bh6 {[%emt 0:00:55]} 28. Rf1 {[%emt 0:03:57]} Bf4 {[%emt 0:03:21]} 29. Nf3 {[%emt 0:00:45]} Ng6 {[%emt 0:01:39]} 30. Qxc7 {[%emt 0:00:28]} Rf7 {[%emt 0:02:15]} 31. Qxd6 {[%emt 0:00:43]} Rfxa7 {[%emt 0:00:09]} 32. Rfb1 {[%emt 0:00:49]} Ra6 {[%emt 0:02:33]} 33. Qc7 {[%emt 0:01:47]} Rc8 {[%emt 0:01:21]} 34. Qb7 {[%emt 0:00:10]} Ra3 {[%emt 0:00:40]} 35. d6 {[%emt 0:00:59]} Rd8 {[%emt 0:00:47]} 36. Nd5 {[%emt 0:02:59]} Qf8 {[%emt 0:03:23]} 37. Ne7+ {[%emt 0:00:28]} Kh7 {[%emt 0:00:40]} 38. Nf5+ {[%emt 0:01:08]} Kh8 {[%emt 0:00:25]} 39. Qc7 {[%emt 0:00:58]} Bg3 {[%emt 0:01:27]} 40. Ng5 {[%emt 0:01:42]} Ra2+ {[%emt 0:02:18]} 41. R5b2 {[%emt 0:31:11]} Rxb2+ {[%emt 0:30:29]} 42. Rxb2 {[%emt 0:00:08]} Nf4+ {[%emt 0:00:39]} 43. Kf3 {[%emt 0:00:33]} Qxd6 {[%emt 0:00:00]} 44. Qh7# {[%emt 0:01:33]} 1-0

[Event "Dutch Open-ch 2019"]
[Site "Dieren"]
[Date "2019.07.31"]
[Round "8.13"]
[White "Van Roon, Sjoerd"]
[Black "Neelotpal, Das"]
[Result "0-1"]
[WhiteElo "2072"]
[BlackElo "2406"]
[Annotator "NA"]
[PlyCount "50"]
[EventDate "2019.07.23"]
[EventType "swiss"]
[EventCountry "NED"]
[SourceTitle "playchess.com"]
[Source "ChessBase"]
[SourceQuality "1"]
[TimeControl "40/5400+30:1800+30"]

1. e4 {[%emt 0:00:00]} e5 {[%emt 0:00:00]} 2. Nf3 {[%emt 0:00:00]} Nc6 {[%emt 0:00:01]} 3. Bc4 {[%emt 0:00:00]} Bc5 {[%emt 0:00:07]} 4. c3 {[%emt 0:00:00]} Nf6 {[%emt 0:00:05]} 5. d3 {[%emt 0:00:00]} O-O {[%emt 0:00:18]} 6. O-O {[%emt 0:00:00]} d5 {[%emt 0:01:05]} 7. exd5 {[%emt 0:01:26]} Nxd5 {[%emt 0:00:05]} 8. b4 {[%emt 0:06:55]} Be7 {[%emt 0:01:38]} 9. b5 {[%emt 0:19:55]} Na5 {[%emt 0:00:37]} 10. Bxd5 {[%emt 0:00:22]} Qxd5 {[%emt 0:00:08]} 11. c4 {[%emt 0:00:05]} Qe6 {[%emt 0:26:12]} 12. Re1 {[%emt 0:07:11]} f6 {[%emt 0:07:07]} 13. Bd2 {[%emt 0:05:14]} b6 {[%emt 0:02:09]} 14. Bxa5 {[%emt 0:00:33]} bxa5 {[%emt 0:00:06]} 15. Nd4 {[%emt 0:07:26]} Qd7 {[%emt 0:09:56]} 16. Nc6 {[%emt 0:01:01]} Bb4 {[%emt 0:00:21]} 17. Re2 {[%emt 0:10:27]} a6 {[%emt 0:08:32]} 18. a4 {[%emt 0:03:33]} Bb7 {[%emt 0:03:44]} 19. Nxb4 {[%emt 0:01:10]} axb4 {[%emt 0:00:15]} 20. Qb3 {[%emt 0:01:10]} Qg4 {[%emt 0:10:38]} 21. c5+ {[%emt 0:00:03]} Kh8 {[%emt 0:01:15]} 22. c6 {[%emt 0:00:06]} Bxc6 {[%emt 0:04:06]} 23. Kf1 {[%emt 0:02:22]} Bxg2+ {[%emt 0:05:24]} 24. Ke1 {[%emt 0:00:29]} Bf3 {[%emt 0:00:07]} 25. Rd2 {[%emt 0:00:08]} Qg1# {[%emt 0:18:34]} 0-1